1217 1769 1572 1875 1731 1237 1199 2000 1749 1631 1097 1457 1730 1797 1028 1199 1561 1027 1854 1802 1589 1024 1813 1190 1397 1259 1490 1656 1576 1763 1764 1851 1931 1458 1780 1368 1298 1157 1418 1673 1168 1309 1648 1877 1417 1829 1602 1506 1556 1317 1223 1705 1079 1634 1209 1311 1237 1034 1585 1109 1551 1183 1617 1687 1654 1508 1690 1400 1074 1267 1339 1661 1199 1462 1608 1786 1509 1313 1659 1298 1003 1190 1019 1464 1624 1378 1309 1540 1736 1292 1574 1502 1047 1209 1815 1019 1315 1513 1800 BCNSPRNW ULIB Ver.6.0+V

เปลี่ยนเป็นภาษาไทย

Change to English
 แสดงรายละเอียดบรรณานุกรม
  กลับหน้าหลัก

Brief Record : Get Marc (ISO 2709) : E-mail record : QR code < ปิดหน้าต่าง
LEADER : 00000nam 2200000uu 4500
001    13399113807
003     ULIB
008    120106s2554||||th 000 0 tha d
020    ^a9786160603725
090    ^aนว.^bฌ111ว
100 0  ^aฌามิวอาห์
245 00 ^aวิวาห์ปรารถนา/^cฌามิวอาห์
250    ^aพิมพ์ครั้งที่ 2
260    ^aกรุงเทพฯ :^bแจ่มใส,^c2554
300    ^a390 หน้า
995    ^aเกษร
999    ^aใช้งานได้ทุกระบบ
รายการนี้ยังไม่มีแท็ก
คุณยังไม่ได้ล็อกอิน คุณสามารถมีกิจกรรมร่วมกับเว็บไซต์ได้ แต่ต้องล็อกอินก่อน ::
  ล็อกอิน

รายการสื่อสารสนเทศ

ลำดับที่ ประเภท เลขเรียก/บาร์โค้ด สถานที่ สถานะ
- ไม่พบข้อมูล -

รายการใกล้เคียง
    ผู้แต่ง [ฌามิวอาห์]

BibComment


ยังไม่เคยถูกคอมเมนท์

คอมเมนท์ทรัพยากรรายการนี้
  คอมเมนท์: วิวาห์ปรารถนา ฌา..


 Copyright 2026. Bcnsprnw @Library